Austrian Cities by Pictures - Statistics

General Stats
  • This quiz has been taken 75 times
  • The average score is 6 of 9
Answer Stats
Picture Answer % Correct
Vienna
100%
Graz
92%
Salzburg
92%
Innsbruck
80%
Linz
72%
Klagenfurt
70%
Hallstatt
48%
St Pölten
39%
Villach
25%
No matching quizzes found
Score Distribution
Percent of People with Each Score
Percentile by Number Answered
Your Score History
You have not taken this quiz